000 02472 a2200253 4500
001 44887
005 20260407155723.0
008 260407a2011 arg spa d
003 AR-UNSa-BCEJYS
040 _aAR-UNSa-BCEJYS
_bspa
_cAR-UNSa-BCEJYS
080 _a331.1
_xTeoría y organización del trabajo. Relaciones entre empresas y trabajadores
245 1 0 _aMultinacionales en la Argentina
_pestrategias de empleo, relaciones laborales y cadenas globales de valor
020 _a978-987-1560-35-6
264 1 _aBuenos Aires :
_bPNUD
_c2011
300 _a326 p.
_c23 cm.
505 _a1. Impactos de la inversión extranjera directa en la economía Argentina desde los años noventa. Consolidación y cambios en la especialización productiva / Cecilia Fernández Bugna; Fernando Porta – 2. L a evolución del empleo en las empresas multinacionales en la Argentina. Desarmando mitos a través de nuevas evidencias / Sofía Rojo Brizuela; Lucia Tumini y Gabriel Yoguel – 3. Estrategias de las filiales de multinacionales en la Argentina: Cadena de valor y autonomía / Marcelo Dinenzon; Verónica Robert; Gabriel Yoguel – 4. Las filiales de la Argentina y México en la Cadena Global de Valor / Jorge Carrillo; Marta Novick; Redi Gomis; María Silvana Guerrera y Héctor Palomino – 5. La adaptación de las firmas multinacionales al sistema de relaciones laborales. La autonomía de las filiales Argentinas y la presencia sindical en los lugares de trabajo / Héctor Palomino; María Silvana Guerrera – 6. Empresas multinacionales y doble institucionalidad: Los impactos del origen del capital en las filiales Argentinas / Cecilia Senén González; David Trajtemberg; Bárbara Medwid – 7. La gestión de la fuerza de trabajo en las filiales Argentinas de empresas multinacionales / Marcelo Defini; Analía Erbes – 8. Estrategias gerenciales de las filiales Argentinas hacia los empleados y sus representantes / Marcelo Delfini; Analía Erbes; María Silvana Guerrera – 9. Capacidades de absorción y conectividad, relaciones laborales y dinámica del empleo en las filiales Argentinas / Analía Erbes; Verónica Robert; Sofía Rojo Brizuela; Gabriel Yoguel
041 _aspa
942 _cBK
590 _aniveau_biblio:m niveau_hierar:0
100 1 _aPalomino, Héctor
700 1 _aNovick, Marta
700 1 _aGurrera, María Silvana
856 4 1 _uhttps://www.biblioeco.unsa.edu.ar/pmb/images/libros/L127018.jpg
_yImagen de portada
_qimage/jpeg
999 _c3836
_d3836